| 000 | 00344nam a2200145 a 4500 | ||
|---|---|---|---|
| 001 | 2378 | ||
| 003 | CDMR | ||
| 005 | 20130116135229.0 | ||
| 008 | 130130s1967||||||||||||||||||||||||||||d | ||
| 040 |
_aCDMR _bcat _cCDMR |
||
| 100 | 1 |
_aDumazedier, Joffre _9503 |
|
| 245 | 1 | 3 | _aLa televisión en la sociedad |
| 260 |
_aQuito _c1967 _bCiespal |
||
| 942 | _cMON | ||
| 999 |
_c2378 _d2378 |
||